[Event "World School-ch U15 7th"]
[Site "Krakow"]
[Date "2011.05.05"]
[Round "5"]
[White "Bus, Konrad"]
[Black "Haputhanthiri, Hubd Udith DBH"]
[Result "1-0"]
[WhiteElo "1854"]
[BlackElo "1689"]
[PlyCount "57"]
[EventDate "2011.04.30"]
[EventType "swiss"]
[EventRounds "9"]
[EventCountry "POL"]
[SourceTitle "CBM 142 Extra"]
[Source "ChessBase"]
[SourceDate "2011.06.27"]
[SourceVersion "1"]
[SourceVersionDate "2011.06.27"]
[SourceQuality "1"]

1. e4 c5 2. c3 d5 3. exd5 Qxd5 4. d4 Nf6 5. Nf3 Nc6 6. Na3 Bg4 7. Nb5 Bxf3 8. gxf3 0-0-0 9. Bf4 cxd4 10. Nxd4 Nh5 11. Be3 Nxd4 12. Bxd4 e5 13. Bxa7 Qa5 14. Bh3+ Kc7 15. Qb3 Rd5 16. Bb6+ Qxb6 17. Qxd5 Nf6 18. Qxf7+ Kb8 19. 0-0-0 Qc7 20. Qxc7+ Kxc7 21. Rhe1 Bd6 22. Bf5 g6 23. Bc2 Nh5 24. Re4 Rf8 25. Ba4 Rf6 26. Rc4+ Kd8 27. Rc5 Ke7 28. Rb5 Kf8 29. Bb3 1-0